00682nam a2200181 a 4500008004100000020001500041050001600056100002100072245002600093246005100119250001200170260004100182300002200223350000900245995009700254999001700351952013200368120416s1971 ||||||||||||||||| || u a0201006634 aQC 21.2 Bor aBorowitz, Sidney10aEssentials of physics aa text for students of science and engineering a2nd ed. aReading, Mass.bAddison-Wesleyc1971 aviii, 568p. : ill a0.00 D0.00FCBU-MAIN LIBRARY (Kitwe)H1I144.00M1UAVAILABLEZMain Library Open Access Collection c42463d42463 00102lcc4070a001b001cMain Library Open Access Collectiond2022-11-30l0oQC 21.2 Borp013198r2022-11-30w2022-11-30y002